00506nam a2200193 a 4500001001300000003000900013005001700022008004100039020001000080082001900090100002700109245002000136260003800156300000900194500003500203505002400238650002300262700002700285nice12345678IN_TiNIC20260116012328.0050524s1981 luca grp 000 0 ara  ac10000a297.1227bDAR1 aDaryabadi, Abdul Majid aTafsir-Ul-Quran aLucknowbAcademy of Islamicc1981 a464p aincludes index and biblioraphy2 aBibliography, Index aQuran-Hermeneutics1 aDaryabadi, Abdul Majid